000 00759nam a2200229 a 4500
005 20260415064207.0
008 010716s1998 es r 000 0 spa d
020 _a8483161532
035 _aUPN01000111878
049 _aCG
050 4 _aLB2822.75
_bG6.53
100 1 _aGómez Castro, José Luis
_932044
245 1 3 _aLa evaluación en la escuela secundaria obligatoria :
_buna perspectiva práctica /
_cJosé Luis Gómez Castro.
260 _aMadrid :
_bCCS,
_c1998.
300 _a236 p. :
_bil.
440 0 _aEducar ;
_v12
500 _a"En la cubierta dice: la evaluación en la E.S.O"
650 4 _aEvaluación educativa
_94298
650 4 _aEDUCACION SECUNDARIA -
_zESPAÑA
_98081
650 4 _aMediciones y pruebas educativas
_94299
905 _aLibro
999 _c85786
_d85786